| 000 | 00385cam a22001337a 4500 | ||
|---|---|---|---|
| 008 | 180718b1959 xxu||||| |||| 00| 0 eng d | ||
| 082 | _aF51x42 H917 | ||
| 100 | _aHunter, Leslie | ||
| 245 |
_aRoad to Brighton pier _cby Leslie Hunter |
||
| 260 |
_aLondon _bArthur Baker _c1959 |
||
| 300 | _a224p. | ||
| 650 | _aLabour Party (Great Britain) | ||
| 650 | _aGaitskell, Hugh Todd Naylor, 1906- | ||
| 999 |
_c368804 _d368804 |
||